Household projections to 2031 (Record no. 109365)
[ view plain ]
| 000 -LEADER | |
|---|---|
| fixed length control field | 01897cad a22002535a 4500 |
| 001 - CONTROL NUMBER | |
| control field | L146941 |
| 008 - FIXED-LENGTH DATA ELEMENTS--GENERAL INFORMATION | |
| fixed length control field | 090316e20090311xxkd f s f000 0 eng d |
| 035 ## - SYSTEM CONTROL NUMBER | |
| System control number | (Sirsi) u146941 |
| 041 0# - LANGUAGE CODE | |
| Language code of text/sound track or separate title | eng |
| 050 04 - LIBRARY OF CONGRESS CALL NUMBER | |
| Classification number | 333.338 $2 18 |
| 110 1# - MAIN ENTRY--CORPORATE NAME | |
| Corporate name or jurisdiction name as entry element | United Kingdom |
| Subordinate unit | Department for Communities and Local Government |
| 9 (RLIN) | 4939 |
| 245 00 - TITLE STATEMENT | |
| Title | Household projections to 2031 |
| Remainder of title | England |
| Medium | [electronic resource] |
| 260 ## - PUBLICATION, DISTRIBUTION, ETC. | |
| Place of publication, distribution, etc. | London |
| Name of publisher, distributor, etc. | DCLG |
| Date of publication, distribution, etc. | 2009 |
| 490 #0 - SERIES STATEMENT | |
| Series statement | DCLG Housing Statistical Release |
| Volume/sequential designation | 11 March 2009 |
| 505 2# - FORMATTED CONTENTS NOTE | |
| Formatted contents note | Household projections in England -- Household projections by regions -- Drivers of household growth -- Variants projections -- Comparison with previous projections -- Methodology -- Data quality -- Uses of the data -- Accompanying tables -- Background notes -- Enquiries |
| 520 ## - SUMMARY, ETC. | |
| Summary, etc. | Presents the household projections to 2031 for England and its regions. Suggests that the number of households in England is expected to rise to 27.8m, which represents an increase of 29% over the 2006 estimate. One person households are expected to increase by 163,000 per year. 32% of the households are expected to be headed by people aged 65 and over, by 2031. The South East region has the largest increase in households from 2006 to 2031, corresponding to 39,000 per year. The North East has the lowest increase in households from 2006 to 2031, equal to 8,300 per year. Accompanying tables are available on the website alongside this one, including household projections for the United Kingdom, from 1961 to 2031. |
| 521 ## - TARGET AUDIENCE NOTE | |
| Target audience note | Advanced |
| 590 ## - LOCAL NOTE (RLIN) | |
| Local note | KA NTK |
| 650 24 - SUBJECT ADDED ENTRY--TOPICAL TERM | |
| Topical term or geographic name entry element | DCLG HOUSEHOLD PROJECTIONS |
| 651 #4 - SUBJECT ADDED ENTRY--GEOGRAPHIC NAME | |
| Geographic name | England |
| Chronological subdivision | 886- |
| 690 ## - LOCAL SUBJECT ADDED ENTRY--TOPICAL TERM (OCLC, RLIN) | |
| Topical term or geographic name as entry element | PROPERTY-RESIDENTIAL PROPERTY-DOMESTIC RESIDENTIAL PROPERTY-HOUSING |
| 856 40 - ELECTRONIC LOCATION AND ACCESS | |
| Uniform Resource Identifier | <a href="https://www.communities.gov.uk/publications/corporate/statistics/2031households0309">https://www.communities.gov.uk/publications/corporate/statistics/2031households0309</a> |
| Public note | View the statistical release free of charge at www.communities.gov.uk... |
| 942 ## - ADDED ENTRY ELEMENTS (KOHA) | |
| Suppress in OPAC | 0 |
| Withdrawn status | Lost status | Source of classification or shelving scheme | Damaged status | Not for loan | Home library | Current library | Shelving location | Date acquired | Total Checkouts | Full call number | Barcode | Date last seen | Copy number | Price effective from | Koha item type |
|---|---|---|---|---|---|---|---|---|---|---|---|---|---|---|---|
| Dewey Decimal Classification | Virtual | Virtual | Online | 16/03/2009 | ONLINE PUBLICATION | 146941-2001 | 06/08/2019 | 1 | 06/08/2019 | Book |